| 000 | 00604nam a2200181Ia 4500 | ||
|---|---|---|---|
| 008 | 151018s9999 xx 000 0 und d | ||
| 082 |
_bRBASDV6980 _a891.463 |
||
| 100 | _aवि द संत | ||
| 245 | _aकाजव्याच्या ज्योती | ||
| 250 | _b1 | ||
| 260 |
_bश्रीराम प्रकाशन पुणे _c1969 |
||
| 300 | _a158 | ||
| 600 | _aवि द संत | ||
| 630 | _aकाजव्याच्या ज्योती | ||
| 700 | _aवि द संत | ||
| 730 | _aकाजव्याच्या ज्योती | ||
| 942 | _cBOOK | ||
| 999 |
_c1009349 _d1009346 |
||